Occupational wage survey. Norfolk-Portsmouth (Hampton Roads), Virginia.

Bibliographic Details
New Title:Occupational wage survey. Norfolk-Portsmouth and Newport News-Hampton, Virginia
Format: Government Document Serial
Language:English
Published: [Washington, D.C.] : United States Department of Labor, Bureau of Labor Statistics, 1952.
Series:Bulletin of the United States Bureau of Labor Statistics ; no. 1088.
Subjects:
Online Access:https://purl.fdlp.gov/GPO/gpo133725

MARC

Tag First Indicator Second Indicator Subfields
LEADER 00000cas a2200000 i 4500
001 in00004093813
005 20211120104458.0
006 m o d f
007 cr |||||||||||
008 200318d19521952dcu x os f0 0eng c
010 |a  2020230215 
035 |a (OCoLC)on1145170090 
040 |a GPO  |b eng  |e rda  |e pn  |c GPO  |d GPO  |d MvI  |d UtOrBLW 
042 |a pcc 
043 |a n-us-va 
049 |a WWW 
074 |a 0768-A-01 (online) 
086 0 |a L 2.3: 
245 0 0 |a Occupational wage survey.  |p Norfolk-Portsmouth (Hampton Roads), Virginia. 
246 1 |a Norfolk-Portsmouth (Hampton Roads), Virginia 
264 1 |a [Washington, D.C.] :  |b United States Department of Labor, Bureau of Labor Statistics,  |c 1952. 
300 |a 1 online resource (1 volume). 
310 |a Irregular 
336 |a text  |b txt  |2 rdacontent 
337 |a computer  |b c  |2 rdamedia 
338 |a online resource  |b cr  |2 rdacarrier 
362 1 |a Began and ceased with: February 1952. 
490 1 |a Bulletin ;  |v no. 1088 
588 |a Description based on: February 1952; title from PDF cover (FRASER, viewed Mar. 18, 2020). 
588 |a Latest issue consulted: February 1952. 
650 0 |a Wages  |z Virginia  |z Norfolk  |v Statistics  |v Periodicals. 
650 0 |a Wages  |z Virginia  |z Portsmouth  |v Statistics  |v Periodicals. 
650 0 |a Wages  |z Virginia  |z Hampton Roads (Region)  |v Statistics  |v Periodicals. 
710 1 |a United States.  |b Bureau of Labor Statistics,  |e issuing body.  |0 http://id.loc.gov/authorities/names/n79076159 
776 0 8 |i Print version:  |t Occupational wage survey. Norfolk-Portsmouth (Hampton Roads), Virginia  |x 2159-0001  |w (DLC) 2002260666  |w (OCoLC)9121483 
785 0 0 |t Occupational wage survey. Norfolk-Portsmouth and Newport News-Hampton, Virginia  |w (DLC) 2020230216  |w (OCoLC)1145170422 
830 0 |a Bulletin of the United States Bureau of Labor Statistics ;  |v no. 1088.  |0 http://id.loc.gov/authorities/names/n42005420 
856 4 0 |u https://purl.fdlp.gov/GPO/gpo133725  |t 0 
999 f f |s 00e44d93-e761-3e6c-bd88-b4fde8804d55  |i 9b81cc1d-edec-39ea-9801-e7c694a90fec  |t 0 
952 f f |a Texas A&M University  |b College Station  |c Electronic Resources  |d Available Online  |t 0  |e L 2.3:  |h Superintendent of Documents classification 
998 f f |a L 2.3:  |t 0  |l Available Online